| 000 | 01305nam a22003374a 4500 | ||
|---|---|---|---|
| 001 | ebr10103782 | ||
| 003 | CaPaEBR | ||
| 006 | m u | ||
| 007 | cr cn||||||||| | ||
| 008 | 040226s2004 enka s 001 0 eng | ||
| 010 | _z 2004041589 | ||
| 020 | _z1403913072 | ||
| 040 |
_aCaPaEBR _cCaPaEBR |
||
| 035 | _a(OCoLC)559943162 | ||
| 050 | 1 | 4 |
_aHD58.8 _b.D74 2004eb |
| 082 | 0 | 4 |
_a658.4/06 _222 |
| 100 | 1 |
_aDrew, John, _d1970- |
|
| 245 | 1 | 0 |
_aJourney to lean _h[electronic resource] : _bmaking operational change stick / _cJohn Drew, Blair McCallum, and Stefan Roggenhofer. |
| 260 |
_aHoundmills, Basingstoke, Hampshire ; _aNew York : _bPalgrave Macmillan, _c2004. |
||
| 300 |
_axvii, 206 p. : _bill. |
||
| 500 | _aIncludes index. | ||
| 533 |
_aElectronic reproduction. _bPalo Alto, Calif. : _cebrary, _d2013. _nAvailable via World Wide Web. _nAccess may be limited to ebrary affiliated libraries. |
||
| 650 | 0 | _aOrganizational change. | |
| 650 | 0 | _aIndustrial management. | |
| 650 | 0 | _aQuality function deployment. | |
| 655 | 7 |
_aElectronic books. _2local |
|
| 700 | 1 | _aMcCallum, Blair. | |
| 700 | 1 | _aRoggenhofer, Stefan. | |
| 710 | 2 | _aebrary, Inc. | |
| 856 | 4 | 0 |
_uhttp://site.ebrary.com/lib/rucke/Doc?id=10103782 _zAn electronic book accessible through the World Wide Web; click to view |
| 999 |
_c206440 _d206440 |
||